[Event "Hampstead U2200 Feb 2013"]
[Site "Hampstead, London"]
[Date "2013.02.16"]
[Round "1"]
[White "Jaunooby, Ali R"]
[Black "Pattni, Kishan"]
[Result "1-0"]
[WhiteElo "2189"]
[BlackElo "1728"]
[EventType "swiss"]
[EventRounds "5"]

1. d4 f5 2. g4 fxg4 3. h3 g3 4. fxg3 e5 5. dxe5 Nc6 6. Nf3 Nge7 7. Bf4 Ng6 8.
Nc3 Bb4 9. Qd5 Nxf4 10. gxf4 Bxc3+ 11. bxc3 b6 12. O-O-O Bb7 13. e6 d6 14. Rg1
Qf6 15. Nd4 Qxf4+ 16. Kb2 Na5 17. Qb5+ c6 18. e3 Qxe3 19. Qh5+ g6 20. Rxg6
O-O-O 21. Rg7 Qe5 22. Qf7 d5 23. Re1 Qd6 24. Nf5 Qb8 25. Ne7+ Kc7 26. Qf4+ Rd6
27. Nf5+ {#r} 1-0

[Event "Hampstead U2200 Feb 2013"]
[Site "Hampstead, London"]
[Date "2013.02.16"]
[Round "1"]
[White "Brozel, Sacha"]
[Black "Williamson, Roger"]
[Result "0-1"]
[WhiteElo "1706"]
[BlackElo "2152"]
[EventType "swiss"]
[EventRounds "5"]

1. d4 Nf6 2. Nf3 d5 3. c4 c6 4. Nc3 a6 5. e3 e6 6. Bd3 c5 7. O-O Nc6 8. cxd5
exd5 9. dxc5 Bxc5 10. a3 O-O 11. b4 Bd6 12. Bb2 Re8 13. Ne2 Ne4 14. Ned4 Ne5
15. h3 Qf6 16. Rb1 Nxd3 17. Qxd3 Qh6 18. Ne2 Bxh3 19. Qxd5 Rad8 20. Qa5 b6 21.
Qxa6 Bc8 22. Qa4 Nd2 23. Rfd1 Bd7 24. Qc2 Nxf3+ 25. gxf3 Qh2+ 26. Kf1 Qh1+ 27.
Ng1 Bb5+ 28. Rd3 Bh2 29. Rbd1 Rxd3 30. Rxd3 Qxg1+ 31. Ke2 Qg6 32. Ke1 Bxd3 33.
Qc3 Be5 34. Qb3 Qg1+ 35. Kd2 Bxb2 36. Qxd3 Qxf2+ 37. Kd1 Rc8 38. Qb1 Rd8+ 39.
Qd3 Rxd3# 0-1

[Event "Hampstead U2200 Feb 2013"]
[Site "Hampstead, London"]
[Date "2013.02.16"]
[Round "1"]
[White "Senior, Gary"]
[Black "Ungaro, Fabio"]
[Result "1-0"]
[WhiteElo "2086"]
[BlackElo "1700"]
[EventType "swiss"]
[EventRounds "5"]

1. e4 e5 2. Nc3 Nf6 3. Bc4 Nc6 4. d3 Bb4 5. Nge2 d5 6. exd5 Nxd5 7. O-O Be6 8.
Ne4 Be7 9. a3 f5 10. N4g3 g5 11. Bxd5 Qxd5 12. Nc3 Qd7 13. Bxg5 O-O-O 14. Bxe7
Qxe7 15. Qh5 Qf6 16. f4 Rdf8 17. Rae1 Rhg8 18. fxe5 Nxe5 19. Qe2 {#r} 1-0

[Event "Hampstead U2200 Feb 2013"]
[Site "Hampstead, London"]
[Date "2013.02.16"]
[Round "1"]
[White "Denney, Simon"]
[Black "Duncan, Patrick"]
[Result "0-1"]
[WhiteElo "1674"]
[BlackElo "2078"]
[EventType "swiss"]
[EventRounds "5"]

1. e4 c6 2. d4 d5 3. e5 Bf5 4. Bd3 Bxd3 5. Qxd3 e6 6. Ne2 Qb6 7. c3 c5 8. Na3
Nc6 9. Nc2 cxd4 10. cxd4 Nb4 11. Nxb4 Bxb4+ 12. Kf1 Qa6 13. Qxa6 bxa6 14. Be3
Ne7 15. Rc1 Kd7 16. g3 Nf5 17. Nc3 Bxc3 18. Rxc3 Rhc8 19. Ke2 Rab8 20. Kd3
Rxb2 21. Rhc1 Rxc3+ 22. Rxc3 Rxa2 23. Rb3 Nxe3 24. Kxe3 Kc6 25. Rc3+ Kb5 26.
Rc5+ Kb6 27. Rc3 a5 28. Rb3+ Kc6 29. Rc3+ Kb5 30. Rc7 Ra3+ 31. Ke2 a4 32. Rc5+
Kb4 33. Rc2 Rc3 {#R} 0-1

[Event "Hampstead U2200 Feb 2013"]
[Site "Hampstead, London"]
[Date "2013.02.16"]
[Round "1"]
[White "Jyothilal, Narayanan"]
[Black "Ngulube, Michael"]
[Result "1-0"]
[WhiteElo "2054"]
[BlackElo "1666"]
[EventType "swiss"]
[EventRounds "5"]

1. d4 Nf6 2. c4 e6 3. g3 d5 4. Bg2 Bb4+ 5. Bd2 a5 6. Nf3 O-O 7. O-O h6 8. Bf4
dxc4 9. Qc2 b5 10. a4 c6 11. e4 Bb7 12. Rd1 Nbd7 13. Nbd2 Nb6 14. Be3 Nxa4 15.
Nxc4 Ng4 16. Bf4 Nb6 17. Nxb6 Qxb6 18. e5 f6 19. Qg6 fxe5 20. Qxg4 exf4 21.
Qxe6+ Kh8 22. Ne5 Rf6 23. Nf7+ Rxf7 24. Qxf7 fxg3 25. hxg3 Rf8 26. Qg6 Rf6 27.
Qe8+ Rf8 28. Qd7 Rd8 29. Qe6 Rd6 30. Qe8+ Kh7 31. Be4+ g6 32. Qf7+ Kh8 33.
Bxg6 Rxg6 34. Qxg6 Bf8 35. Qe8 Kg7 36. Qe5+ Kh7 37. Qf5+ Kg8 38. Qe6+ Kh8 39.
Rd3 Bg7 40. Qe8+ Kh7 41. Re1 c5 42. Re6 Qc7 43. Qg6+ {#r} 1-0

[Event "Hampstead U2200 Feb 2013"]
[Site "Hampstead, London"]
[Date "2013.02.16"]
[Round "1"]
[White "Garland Hoff, Florian"]
[Black "Villiers, Thomas"]
[Result "0-1"]
[WhiteElo "1658"]
[BlackElo "2004"]
[EventType "swiss"]
[EventRounds "5"]

1. e4 c5 2. Nc3 g6 3. f4 Bg7 4. Nf3 Nc6 5. Bc4 e6 6. O-O Nge7 7. Qe1 a6 8. a4
O-O 9. d3 d5 10. Bb3 Nb4 11. Qf2 Qc7 12. Qh4 c4 13. dxc4 dxc4 14. Bxc4 Qxc4
15. Qxe7 Nxc2 16. Rb1 b5 17. axb5 axb5 18. Qd6 b4 19. Nd1 Ba6 20. Rf2 Rfd8 21.
Qxd8+ Rxd8 22. Ne3 Qa2 23. Nxc2 Rd1+ 24. Nce1 Qxb1 25. Bd2 Bd4 26. Nxd4 Rxe1+
27. Bxe1 Qxe1+ 28. Rf1 Qxf1# 0-1

[Event "Hampstead U2200 Feb 2013"]
[Site "Hampstead, London"]
[Date "2013.02.16"]
[Round "1"]
[White "Prior, Stephen"]
[Black "Cavendish, Joshua"]
[Result "1-0"]
[WhiteElo "2000"]
[BlackElo "1654"]
[EventType "swiss"]
[EventRounds "5"]

1. e4 e6 2. d4 d5 3. Nc3 Nf6 4. e5 Nfd7 5. Nce2 c5 6. c3 Nc6 7. f4 cxd4 8.
Nxd4 a6 9. Ngf3 Nxd4 10. Nxd4 Bc5 11. Be3 Qe7 12. Bd3 Nb8 13. O-O Nc6 14. Kh1
Bd7 15. Rc1 Bxd4 16. cxd4 g6 17. a3 O-O 18. g4 f5 19. gxf5 exf5 20. Qf3 Be6
21. Rg1 Rac8 22. Rc2 Rf7 23. Rcg2 Rg7 24. Qh3 Nb8 25. Bf2 Nd7 26. Bh4 Qe8 27.
Bg5 Rc7 28. Bh6 Re7 29. Bxf5 Bxf5 30. Qxf5 Rc6 31. Qd3 Kh8 32. f5 gxf5 33.
Bg7+ Rxg7 34. Rxg7 Rg6 35. R7xg6 hxg6 36. Qh3+ Kg7 37. Qxf5 b5 38. h4 Qf7 39.
Qxf7+ Kxf7 40. Rc1 {#r} 1-0

[Event "Hampstead U2200 Feb 2013"]
[Site "Hampstead, London"]
[Date "2013.02.16"]
[Round "1"]
[White "Jain, Gautam"]
[Black "Botteley, Michael"]
[Result "0-1"]
[WhiteElo "1653"]
[BlackElo "1986"]
[EventType "swiss"]
[EventRounds "5"]

1. e4 c5 2. Nc3 Nc6 3. f4 d6 4. Nf3 g6 5. Bc4 Bg7 6. O-O e6 7. Qe1 Nge7 8. d3
a6 9. Qh4 b5 10. Bb3 Nd4 11. f5 gxf5 12. Bh6 Bxh6 13. Qxh6 Nxf3+ 14. Rxf3 Bb7
15. Raf1 Qb6 16. Re3 Rg8 17. g3 Rg6 18. Qxh7 c4 19. Nd1 cxb3 20. cxb3 e5 21.
exf5 Qc6 22. Re4 Rg4 23. Nf2 Rxe4 24. Nxe4 Qb6+ 25. Kg2 Bxe4+ 26. dxe4 Qc6 27.
f6 Ng6 28. Qg8+ Nf8 29. Qg4 Rc8 30. h4 d5 31. exd5 Qxd5+ 32. Kg1 Rc2 33. Rf2
Rc1+ 34. Rf1 Rxf1+ 35. Kxf1 Qd3+ 36. Kg2 Qd2+ 37. Kh3 Qd7 38. h5 Qxg4+ 39.
Kxg4 Nh7 40. h6 e4 41. Kf4 Nxf6 42. g4 e3 43. Kf3 Kf8 44. g5 Nh7 45. Kxe3 Nxg5
46. b4 f6 47. b3 Nf7 48. a4 Nxh6 49. Kd4 f5 50. Kc5 Ng4 51. axb5 axb5 52. Kxb5
f4 53. Kc6 f3 54. b5 f2 55. b6 f1=Q 56. b7 Qf4 57. b4 Qb8 58. b5 Ke8 59. Kb6
Kd7 60. Ka6 Kc7 61. b6+ Kc6 62. Ka5 Qxb7 63. Ka4 Kc5 64. Kb3 Qxb6+ 65. Kc3
Qb4+ 66. Kd3 Qd4+ 67. Kc2 Qe3 68. Kb2 Kc4 69. Kc2 Qc3+ 70. Kb1 Qd2 71. Ka1 Kb3
72. Kb1 Qd1# 0-1

[Event "Hampstead U2200 Feb 2013"]
[Site "Hampstead, London"]
[Date "2013.02.16"]
[Round "1"]
[White "Crichton, Martin"]
[Black "Klingher, Dominic"]
[Result "1-0"]
[WhiteElo "1962"]
[BlackElo "1642"]
[EventType "swiss"]
[EventRounds "5"]

1. e4 e6 2. d3 d5 3. Nd2 Bc5 4. Ngf3 Nc6 5. c3 e5 6. b4 Bb6 7. exd5 Qxd5 8. c4
Qe6 9. c5 e4 10. dxe4 Nxb4 11. cxb6 axb6 12. Bc4 Qf6 13. Rb1 Nxa2 14. Bb2 Nc3
15. Qb3 Nxb1 16. Bxf6 Nxd2 17. Nxd2 Nxf6 18. Bxf7+ Kf8 19. O-O c5 20. e5 Ng4
21. e6 Ne5 22. Qxb6 Nxf7 23. Qxc5+ Ke8 24. exf7+ Kxf7 25. Ne4 Be6 26. Ng5+ Kf6
27. Nxe6 Kxe6 28. Re1+ Kf6 29. Qd6+ Kf7 30. Re7+ Kf8 31. Rxb7+ Kg8 32. Qe6+
{#r} 1-0

[Event "Hampstead U2200 Feb 2013"]
[Site "Hampstead, London"]
[Date "2013.02.16"]
[Round "1"]
[White "Hung, Jake"]
[Black "Hayward, Alan"]
[Result "1-0"]
[WhiteElo "1637"]
[BlackElo "1925"]
[EventType "swiss"]
[EventRounds "5"]

1. c4 d5 2. cxd5 Nf6 3. Nc3 Nxd5 4. g3 e5 5. Bg2 Be6 6. d3 Nc6 7. Bd2 Be7 8.
Nf3 O-O 9. O-O f5 10. e4 Ndb4 11. exf5 Bxf5 12. a3 Nxd3 13. Qb3+ Kh8 14. Qxb7
Qd7 15. Nh4 Na5 16. Qa6 Nb3 17. Nxf5 Rxf5 18. Bxa8 Nxd2 19. Be4 Nxe4 20. Nxe4
Qd4 21. Rad1 Rf3 22. Qb7 h6 23. Kg2 Rf8 24. Rd2 Rd8 25. Rfd1 Rd5 26. f3 Qc4
27. b3 Ne1+ 28. Rxe1 Rxd2+ 29. Nxd2 Qd3 30. Qa8+ Kh7 {#r} 1-0

[Event "Hampstead U2200 Feb 2013"]
[Site "Hampstead, London"]
[Date "2013.02.16"]
[Round "1"]
[White "Oyama, Akito"]
[Black "Ignatovic, Ernest"]
[Result "1-0"]
[WhiteElo "1584"]
[BlackElo "1631"]
[EventType "swiss"]
[EventRounds "5"]

1. e4 e6 2. d4 d5 3. Nc3 dxe4 4. Nxe4 Nd7 5. Bd3 Ngf6 6. Nxf6+ Nxf6 7. Nf3 Bd6
8. Bg5 O-O 9. Qe2 c5 10. dxc5 Bxc5 11. O-O-O Qc7 12. Bxf6 Qf4+ 13. Kb1 Qxf6
14. h4 a5 15. h5 a4 16. Qe4 Qf5 17. Qc4 b5 18. Qh4 Qf6 19. Qe4 g6 20. Qxa8 a3
21. bxa3 Qc3 22. Qe4 Bb7 23. Qe5 Qxe5 24. Nxe5 Bxf2 25. Nd7 Ra8 26. hxg6 hxg6
27. Nf6+ Kf8 28. Rh8+ Ke7 29. Rxa8 Bxa8 30. Ne4 Bb6 31. g4 f5 32. gxf5 gxf5
33. Nc3 Kf6 34. Nxb5 e5 35. c3 Bf3 36. Kc2 e4 37. Bc4 Bxd1+ 38. Kxd1 Ke5 39.
Nd4 f4 40. a4 f3 41. a5 Bc5 42. a6 Kf4 43. Ne6+ {#r} 1-0

[Event "Hampstead U2200 Feb 2013"]
[Site "Hampstead, London"]
[Date "2013.02.16"]
[Round "1"]
[White "Zhou, Yang Jian"]
[Black "Price, Andrew"]
[Result "1-0"]
[WhiteElo "1619"]
[BlackElo "1874"]
[EventType "swiss"]
[EventRounds "5"]

1. c4 f5 2. g3 Nf6 3. Bg2 e6 4. Nc3 c6 5. Nf3 d5 6. cxd5 exd5 7. d4 Be7 8. O-O
O-O 9. Rb1 Ne4 10. Ne5 Nd7 11. Bf4 Ndf6 12. Nxe4 Nxe4 13. Qc2 Qb6 14. Rfd1 Bf6
15. Rd3 Re8 16. a4 a5 17. Rbd1 g5 18. Be3 f4 19. gxf4 gxf4 20. Bxf4 Bf5 21.
Bxe4 Bxe4 22. Rg3+ Bg7 23. Bh6 Re7 24. Qd2 Qc7 25. Qg5 Rf8 26. f3 Bf5 27. Kf2
Rf6 28. Qxf6 {#r} 1-0

[Event "Hampstead U2200 Feb 2013"]
[Site "Hampstead, London"]
[Date "2013.02.16"]
[Round "1"]
[White "Walker, Adrian"]
[Black "Larios, Rafael"]
[Result "1-0"]
[WhiteElo "1866"]
[BlackElo "1600"]
[EventType "swiss"]
[EventRounds "5"]

1. e4 c5 2. d4 cxd4 3. c3 g6 4. Nf3 Bg7 5. Bc4 dxc3 6. Nxc3 Nc6 7. O-O e6 8.
Nb5 Bf8 9. Nd6+ Bxd6 10. Qxd6 Qe7 11. Qg3 Na5 12. Qe5 Nf6 13. Qxa5 Nxe4 14.
Re1 f5 15. Bh6 b6 16. Qa4 Bb7 17. Rac1 Bc6 18. Bb5 Nc5 19. Qd4 O-O-O 20. Bg5
Qf7 21. Bxc6 dxc6 22. Bxd8 Rxd8 23. Qc4 Kb7 24. b4 Nd3 25. Ne5 Nxe5 26. Rxe5
Rd6 27. h3 Qd7 28. Rce1 b5 29. Qb3 Kb6 30. Qe3+ Ka6 31. Rxe6 {#r} 1-0

[Event "Hampstead U2200 Feb 2013"]
[Site "Hampstead, London"]
[Date "2013.02.16"]
[Round "1"]
[White "Hudson, Jeremy"]
[Black "Cork, Dave"]
[Result "1-0"]
[WhiteElo "1594"]
[BlackElo "1846"]
[EventType "swiss"]
[EventRounds "5"]

1. c4 e5 2. Nc3 Nf6 3. g3 d5 4. cxd5 Nxd5 5. Bg2 Nb6 6. Nf3 Bd6 7. O-O Nc6 8.
d3 Bg4 9. h3 Be6 10. Ng5 Bd7 11. a4 h6 12. Nge4 Be7 13. a5 Nc8 14. Kh2 f5 15.
Nd2 Nd6 16. Nb3 f4 17. gxf4 exf4 18. Bxf4 O-O 19. Qd2 Be6 20. Nc5 Qc8 21. Nxe6
Rf6 22. Nc5 Nf5 23. Bd5+ Kh8 24. N3e4 Rg6 25. Bf7 Nh4 26. Bxg6 Nxg6 27. Bxh6
Qf5 28. Qc3 Nce5 29. Ng3 Qf8 30. Ne6 Qc8 31. Bxg7+ Kg8 32. Bxe5 Qxe6 33. f4
Kf7 34. f5 Qxe5 35. fxg6+ Ke6 36. Qxe5+ Kxe5 37. Rf7 Ke6 38. Ra4 Bd6 39. Re4+
Kd5 40. Kg2 Rg8 41. Rg4 Ke6 42. h4 Be5 43. h5 Bg7 44. Re4+ Kd6 45. Nf5+ Kc5
46. Rxg7 Rh8 47. h6 b6 48. h7 Rd8 49. Rg8 Rd5 50. h8=Q Rxf5 51. Qd4+ Kc6 52.
Re6+ Kb7 53. Qe4+ Ka6 54. Qxf5 Kb7 55. Qb5 a6 56. Qc6+ Ka7 57. Qxc7# 1-0

[Event "Hampstead U2200 Feb 2013"]
[Site "Hampstead, London"]
[Date "2013.02.16"]
[Round "1"]
[White "Pink, Joshua"]
[Black "Oyama, Haronobu"]
[Result "1-0"]
[WhiteElo "1808"]
[BlackElo "1584"]
[EventType "swiss"]
[EventRounds "5"]

1. e4 c5 2. Nf3 Nc6 3. Bb5 e6 4. O-O Nge7 5. c3 a6 6. Ba4 b5 7. Bc2 g6 8. d4
cxd4 9. Nxd4 Bg7 10. Bg5 Bb7 11. f4 Qb6 12. f5 Bxd4+ 13. cxd4 Qxd4+ 14. Rf2
Qxb2 15. Nd2 f6 16. fxe6 fxg5 17. Nc4 Qd4 18. Nd6+ Kd8 19. Nxb7+ Kc7 20. Qxd4
Nxd4 21. Nc5 Nxe6 22. Nxe6+ dxe6 23. Rf7 Rae8 24. Bb3 Kd6 25. e5+ Kc5 26. Rc1+
Kb4 27. Bxe6 Nf5 28. Bxf5 gxf5 29. Rxf5 g4 30. Kf2 Re6 31. Re1 Rc8 32. Re2 Rc5
33. Kg3 Rc4 34. Rf6 Rcc6 35. Rxe6 Rxe6 36. Kxg4 Kc5 37. Kf5 Re8 38. Rd2 b4 39.
Kf6 a5 40. e6 {#r} 1-0

[Event "Hampstead U2200 Feb 2013"]
[Site "Hampstead, London"]
[Date "2013.02.16"]
[Round "1"]
[White "Hung, Dylan"]
[Black "Pyper, Ramsay"]
[Result "0-1"]
[WhiteElo "1490"]
[BlackElo "1794"]
[EventType "swiss"]
[EventRounds "5"]

1. c4 e6 2. d4 d5 3. cxd5 exd5 4. Nc3 Nf6 5. g3 Be7 6. Bg2 O-O 7. Bg5 Nbd7 8.
Qc2 c6 9. O-O-O Re8 10. e4 Nxe4 11. Nxe4 Bxg5+ 12. Nxg5 Qxg5+ 13. f4 Qf6 14.
Nf3 Nb6 15. Rhe1 Bf5 16. Qb3 Qd6 17. Re5 Rxe5 18. Nxe5 f6 19. Nd3 Re8 20. Re1
Rxe1+ 21. Nxe1 Qe7 22. Qd1 Nc4 23. Nc2 Bxc2 24. Qxc2 Qe3+ 25. Kb1 Nd2+ 26. Kc1
Nb3+ 27. Kd1 Qg1+ 28. Ke2 Nxd4+ 29. Kd2 Qxg2+ 30. Ke1 Qxc2 31. Kf1 Qe2+ 32.
Kg1 Nf3+ 33. Kh1 Qxh2# 0-1

[Event "Hampstead U2200 Feb 2013"]
[Site "Hampstead, London"]
[Date "2013.02.16"]
[Round "1"]
[White "Batkin, Cyril"]
[Black "Springett, Michael"]
[Result "1-0"]
[WhiteElo "1793"]
[BlackElo "1490"]
[EventType "swiss"]
[EventRounds "5"]

1. e4 c5 2. Nf3 e6 3. d4 cxd4 4. Nxd4 Nc6 5. Nc3 Nf6 6. Be2 Bb4 7. Qd3 Ne5 8.
Qb5 Qa5 9. Qxa5 Bxa5 10. f3 a6 11. Bd2 b5 12. Nb3 Bb6 13. Bf4 Nc4 14. Bxc4
bxc4 15. Nd2 d5 16. Ne2 Bb7 17. exd5 exd5 18. Be5 O-O 19. Bd4 Bc7 20. O-O Rfe8
21. Rfe1 Re6 22. Bxf6 Rae8 23. Kf1 gxf6 24. Ng3 Bf4 25. Rad1 Bc6 26. Nb1 d4
27. Rxe6 Rxe6 28. Rxd4 Be5 29. Rg4+ Kh8 30. Nc3 Bd7 31. Rxc4 Rb6 32. Na4 Rd6
33. Nc3 Rb6 34. Na4 Rd6 35. Rb4 Bb5+ 36. Ke1 Re6 37. Kd2 Bd6 38. Rd4 Be5 39.
Rd8+ Kg7 40. Nc3 Bf4+ 41. Kd1 Bc7 42. Rd4 Bb6 43. Rg4+ Kf8 44. Nxb5 axb5 45.
Rb4 Re5 46. Ne4 Bg1 47. h3 {#r} 1-0

[Event "Hampstead U2200 Feb 2013"]
[Site "Hampstead, London"]
[Date "2013.02.16"]
[Round "1"]
[White "Koureas, Panicos"]
[Black "Ivanov, George"]
[Result "1/2-1/2"]
[WhiteElo "1437"]
[BlackElo "1786"]
[EventType "swiss"]
[EventRounds "5"]

1. e4 e5 2. Nf3 Nc6 3. Bb5 a6 4. Ba4 b5 5. Bb3 h6 6. c3 Nf6 7. d3 d6 8. h3 Be7
9. O-O O-O 10. Re1 Be6 11. Bc2 Qd7 12. Nh2 d5 13. Nd2 d4 14. Ndf1 Rad8 15. Qf3
dxc3 16. bxc3 b4 17. Bd2 bxc3 18. Bxc3 Bb4 19. Bxb4 Nxb4 20. Qd1 Nxd3 21. Re3
Nb4 22. Qe2 Nxc2 23. Qxc2 Qd4 24. Rc1 Rd7 25. Nf3 Qd6 26. Re2 Rfd8 27. Rd2 Qb4
28. Rxd7 Bxd7 29. Nxe5 Nxe4 30. Nxd7 Rxd7 31. Rb1 Qd4 32. Rb8+ Kh7 33. Ng3
Qd1+ 34. Qxd1 Rxd1+ 35. Kh2 Nxf2 36. Rb7 Rc1 37. Ra7 Rc6 38. Nf5 Rf6 39. Ng3
c5 40. Rc7 Nd3 41. Ne4 Rf5 42. Ng3 Rf4 43. Rc6 a5 44. Nh5 Rf2 45. a3 Rc2 46.
Rc7 Kg6 47. Ng3 c4 48. Ne4 {#d} 1/2-1/2

[Event "Hampstead U2200 Feb 2013"]
[Site "Hampstead, London"]
[Date "2013.02.16"]
[Round "1"]
[White "Parry, Jacques"]
[Black "Herschmann, Heinz"]
[Result "1-0"]
[WhiteElo "1784"]
[BlackElo "1362"]
[EventType "swiss"]
[EventRounds "5"]

1. d4 d5 2. c4 e6 3. Nf3 dxc4 4. e3 Nf6 5. Bxc4 h6 6. O-O Be7 7. Nc3 Bd7 8. e4
O-O 9. e5 Nh7 10. Qe2 c6 11. Ne4 b5 12. Bd3 f5 13. Nc5 Bxc5 14. dxc5 Na6 15.
Be3 Nb4 16. Rfd1 Qe7 17. Qd2 Nxd3 18. Qxd3 Rfd8 19. Qc2 Be8 20. Rd6 Rxd6 21.
cxd6 Qf7 22. Rd1 Bd7 23. Ne1 g5 24. Nd3 a5 25. Bb6 Ra6 26. Bd8 Qe8 27. Be7 Nf8
28. Bxf8 Kxf8 29. Qe2 Kg7 30. f4 g4 31. Qf2 Ra8 32. Qb6 Qd8 33. Qxd8 Rxd8 34.
Nc5 $138 {Time.} {#r} 1-0

[Event "Hampstead U2200 Feb 2013"]
[Site "Hampstead, London"]
[Date "2013.02.16"]
[Round "1"]
[White "McCabe, Shane"]
[Black "Sloan, Cecil"]
[Result "1-0"]
[WhiteElo "1890"]
[BlackElo "1762"]
[EventType "swiss"]
[EventRounds "5"]

1. d4 Nf6 2. Nf3 e6 3. Bg5 Be7 4. e3 c5 5. c3 cxd4 6. exd4 d5 7. Nbd2 Nbd7 8.
Bd3 O-O 9. O-O h6 10. Bh4 Re8 11. Re1 Nf8 12. Ne5 N6d7 13. Bg3 Nxe5 14. Bxe5
Bf6 15. Nf3 Nd7 16. Bc2 Bxe5 17. Nxe5 Nxe5 18. dxe5 Bd7 19. Qd3 g6 20. Rad1
Bc6 21. Re3 Qg5 22. Qd4 h5 23. Rg3 Qh6 24. Qh4 Qg7 25. Qf4 Rf8 26. Rd4 f5 27.
exf6 Rxf6 28. Qxf6 Qxf6 29. Rxg6+ Qxg6 30. Bxg6 e5 31. Rd1 h4 32. Bf5 Kf7 33.
h3 Kf6 34. Bg4 e4 35. Kf1 Re8 36. Ke2 Bb5+ 37. Ke3 Bd3 38. Kd4 Bc2 39. Rd2 Bd3
40. Be2 Bxe2 41. Rxe2 Re5 42. c4 dxc4 43. Rxe4 Rf5 44. f3 Rg5 45. Rg4 Rb5 46.
Kc3 Rc5 47. Rxh4 b5 48. a3 a5 49. Rd4 Rg5 50. g4 Rh5 51. gxh5 b4+ 52. Kxc4
{#r} 1-0

[Event "Hampstead U2200 Feb 2013"]
[Site "Hampstead, London"]
[Date "2013.02.16"]
[Round "2"]
[White "Oyama, Akito"]
[Black "Jaunooby, Ali R"]
[Result "0-1"]
[WhiteElo "1915"]
[BlackElo "2189"]
[EventType "swiss"]
[EventRounds "5"]

1. e4 e5 2. Nf3 Nf6 3. Nc3 Nc6 4. d4 Bb4 5. Nxe5 Qe7 6. Nxc6 Qxe4+ 7. Qe2 bxc6
8. Bd2 Qe6 9. Qxe6+ fxe6 10. Bd3 Rb8 11. a3 Bd6 12. Na4 O-O 13. c4 Ng4 14. Be3
Bf4 15. Kd2 Nxf2 16. Bxf4 Rxf4 17. Rhf1 Ba6 18. Nc5 Rbf8 19. g3 Rxd4 20. Ke3
Rxd3+ 21. Nxd3 Ng4+ 22. Kd4 e5+ 23. Kc3 Rxf1 24. Rxf1 Bxc4 25. h3 Bxd3 26.
Kxd3 Nf6 27. Rc1 Kf7 28. Rc5 Ke6 29. Ra5 e4+ 30. Kd4 d5 31. Rxa7 c5+ 32. Kc3
d4+ 33. Kd2 e3+ 34. Kd3 c4+ 35. Ke2 Nd5 36. Rb7 d3+ 37. Kd1 c3 38. Rb4 c2+ 39.
Kc1 Nxb4 {#R} 0-1

[Event "Hampstead U2200 Feb 2013"]
[Site "Hampstead, London"]
[Date "2013.02.16"]
[Round "2"]
[White "Williamson, Roger"]
[Black "McCabe, Shane"]
[Result "1-0"]
[WhiteElo "2152"]
[BlackElo "1890"]
[EventType "swiss"]
[EventRounds "5"]

1. e4 c6 2. d4 d5 3. e5 Bf5 4. Nf3 e6 5. Be2 c5 6. Be3 Nc6 7. Nc3 cxd4 8. Nxd4
Nxd4 9. Qxd4 Ne7 10. Bb5+ Nc6 11. Qa4 Qc7 12. Ne2 Rc8 13. Nd4 Bg6 14. c4 dxc4
15. O-O Be7 16. Rfc1 O-O 17. Bxc6 bxc6 18. Rxc4 c5 19. Nf3 Bd3 20. Rc3 Bg6 21.
Rac1 Qb8 22. b3 Rfd8 23. h3 Bd3 24. Bxc5 Bxc5 25. Rxc5 Rxc5 26. Rxc5 a6 27.
Qf4 Bf5 28. Nd4 Qb4 29. Rc4 Qe1+ 30. Kh2 Qb1 31. Qg5 Ra8 32. Rc7 h6 33. Qg3
Rd8 34. Qc3 Qe4 35. Nxf5 Qxf5 36. Rc8 Qg5 37. Rxd8+ Qxd8 38. Qc2 a5 39. Qc3 g5
40. a3 Qb6 41. Qe3 Qc7 42. h4 f6 43. hxg5 hxg5 44. Qg3 Qh7+ 45. Qh3 Qf7 46.
Qh6 fxe5 47. Qxg5+ Kf8 48. Kg3 Ke8 49. Qxe5 Qg6+ 50. Kf4 Qh6+ 51. Ke4 Qg6+ 52.
Kd4 Qg4+ 53. Kc5 Kf7 54. g3 Qd1 55. Qf4+ Ke7 56. Qc7+ Qd7 {#r} 1-0

[Event "Hampstead U2200 Feb 2013"]
[Site "Hampstead, London"]
[Date "2013.02.16"]
[Round "2"]
[White "Walker, Adrian"]
[Black "Senior, Gary"]
[Result "0-1"]
[WhiteElo "1866"]
[BlackElo "2086"]
[EventType "swiss"]
[EventRounds "5"]

1. e4 c5 2. d4 cxd4 3. c3 g6 4. Nf3 Bg7 5. Bc4 Qc7 6. Qb3 e6 7. Nxd4 Bxd4 8.
cxd4 b5 9. Bxe6 fxe6 10. O-O Qc4 11. Qf3 Qxd4 12. Nc3 a6 13. Be3 Qf6 14. Qg3
Nc6 15. Rfe1 b4 16. Nd5 Qxb2 17. Nc7+ Kf7 18. Bg5 Ra7 19. Qf4+ Nf6 20. e5 Rf8
21. exf6 b3 22. axb3 Qxb3 23. Rab1 Qd3 24. h4 e5 25. Qc1 Rxc7 26. Rd1 Qf5 27.
Qc5 e4 28. Rd5 Qe6 29. Rd6 Qe5 30. Rd5 Qe8 31. Rbd1 Kg8 32. Rd6 Qf7 33. Qc2
Re8 34. Qe2 Ne5 35. Qxe4 Nc4 36. Qg4 Nxd6 37. Rxd6 Re6 38. Rd1 d5 39. Qg3 Rd7
40. h5 a5 41. Rd3 Rd8 42. Qh4 Re1+ 43. Kh2 Bf5 44. Rxd5 Rxd5 {#R} 0-1

[Event "Hampstead U2200 Feb 2013"]
[Site "Hampstead, London"]
[Date "2013.02.16"]
[Round "2"]
[White "Duncan, Patrick"]
[Black "Pink, Joshua"]
[Result "1-0"]
[WhiteElo "2078"]
[BlackElo "1808"]
[EventType "swiss"]
[EventRounds "5"]

1. b3 d5 2. Bb2 c5 3. e3 Nf6 4. Nf3 a6 5. c4 Nc6 6. cxd5 Nxd5 7. a3 f6 8. Qc2
e5 9. Be2 Be6 10. d3 Rc8 11. Nbd2 Be7 12. O-O O-O 13. Rac1 Qd7 14. Qb1 Rfd8
15. Rfd1 Qe8 16. Ne4 Na5 17. Ba1 Qb5 18. Nfd2 Rc7 19. Bf1 Qd7 20. Nc4 Nc6 21.
Ncd2 Bg4 22. Re1 b6 23. Nc4 b5 24. Ncd2 Nb8 25. Rc2 Bf8 26. Rec1 Rdc8 27. Ra2
f5 28. Ng3 Nc6 29. h3 f4 30. exf4 exf4 31. Nge4 Bh5 32. Nxc5 Qf5 33. Nde4 Ne5
34. Bxe5 Qxe5 35. b4 Rc6 36. Qb2 Qf5 37. Qd4 Rg6 38. Kh2 Rcc6 39. Rac2 f3 40.
g3 Rh6 41. Nc3 Nxc3 42. Rxc3 Bg4 43. h4 Bd6 44. Kg1 Rxh4 45. gxh4 Qh5 46. Ne4
Qxh4 47. Nxd6 Qg5 48. Ne4 Qg6 49. Rxc6 Be6+ 50. Ng3 {#r} 1-0

[Event "Hampstead U2200 Feb 2013"]
[Site "Hampstead, London"]
[Date "2013.02.16"]
[Round "2"]
[White "Pyper, Ramsay"]
[Black "Jyothilal, Narayanan"]
[Result "0-1"]
[WhiteElo "1794"]
[BlackElo "2054"]
[EventType "swiss"]
[EventRounds "5"]

1. e4 c5 2. c3 Nf6 3. e5 Nd5 4. d4 d6 5. exd6 Qxd6 6. Nf3 e6 7. Be2 Be7 8. O-O
O-O 9. Be3 Nxe3 10. fxe3 Nc6 11. Nbd2 e5 12. Nc4 Qh6 13. d5 Rd8 14. e4 b5 15.
Ncd2 Bg4 16. Qc2 Qe3+ 17. Rf2 Na5 18. Bxb5 Bd6 19. Qa4 Bc7 20. Re1 Qh6 21. b4
cxb4 22. cxb4 a6 23. Bd3 Nb7 24. Kh1 Bd7 25. Qb3 Rab8 26. Qb2 Re8 27. Nc4 f6
28. Rc2 Bg4 29. Ncd2 Bd6 30. Rc6 Bd7 31. Rcc1 Nc5 32. Bf1 Na4 33. Qc2 Bxb4 34.
Bxa6 Nc5 35. Bc4 Kh8 36. Re2 Qf4 37. Nb3 Bg4 38. Rf1 Rec8 39. Nxc5 Rxc5 40.
Qd3 Rbc8 41. Rc2 Bd7 42. Nd4 Qg4 43. Nb3 R5c7 44. d6 Rc6 45. Rfc1 Rxd6 46. Qe3
Rd1+ 47. Qg1 Rxg1+ 48. Kxg1 Qxe4 49. Bd3 Qe3+ 50. Kh1 Rxc2 51. Bxc2 g6 52. Rd1
Qe2 53. h3 Bc6 54. Rg1 {#R} 0-1